Estudios de diversidad sexual y gňero desde la perspectiva de los Derechos Humanos

Detalles Bibliográficos
Otros Autores: Peą Calzado, Elena, Přez Da̕z, Roselina, Romera Hiniesta, Ft̀ima
Formato: eBook
Lenguaje:español
Publicado: Madrid: Dykinson, 2021
Materias:
Acceso en línea:Acceso restringido

MARC

LEADER 00000nam a22000007a 4500
005 20220816232327.0
007 cr|||| ||||
008 220816s2021 es |||||s|||| 00||0 spa d
020 |a 978-84-1377-813-6 
035 |a 36496 
040 |a vLex 
090 |c 13702  |d 13702 
245 1 0 |a Estudios de diversidad sexual y gňero desde la perspectiva de los Derechos Humanos  |h [Recurso electrn̤ico] /  |c Cristb̤al Torres Fernǹdez, Elena Peą Calzado, Roselina Přez Da̕z, Ft̀ima Romera Hiniesta 
256 |a Servicio en ln̕ea 
260 |a Madrid:  |b Dykinson,  |c 2021 
300 |a 1 recurso electrn̤ico 
500 |a Este libro surge como un punto de encuentro necesario entre la academia y el activismo con el objetivo de acercar la investigacin̤ a la realidad social de nuestro entorno a partir de diversas teorizaciones sobre la sexualidad y la perspectiva de gňero desde la perspectiva de los Derechos Humanos. En las siguientes pg̀inas, a travš de quince capt̕ulos, se muestran una amplia variedad de propuestas mediante la participacin̤ de personas implicadas, las cuales desde su discurso acadm̌ico, activista y personal con planteamientos concretos, plantean una sociedad donde primen los Derecho Humanos con respecto a las ml︢tiples diversidades sexogenřicas... 
506 1 |a Disponible solo en los productos indicados  |d vLex Global  |d vLex Global (Academic Edition, excluding Law Schools)  |d vLex Global (U.S. Academic Edition, Law Schools)  |d vLex Global (U.S. Academic Edition, excluding Law Schools)  |d vLex Global (Academic Edition, Law Schools) 
650 0 4 |a Derecho Militar  |z Espaą 
650 0 4 |a Filosofa̕ y religin̤  |z Espaą 
700 1 |a Peą Calzado, Elena 
700 1 |a Přez Da̕z, Roselina 
700 1 |a Romera Hiniesta, Ft̀ima 
740 0 |a vLex Libros (Servicio en ln̕ea) 
856 4 0 |u https://app.vlex.com/#/sources/36496  |z Acceso restringido 
942 |c BOOK 
999 0 |a Military Law 
999 0 |a Philosophy and religion